Navigation Accidents and their Causes / (Record no. 18)

000 -LEADER
fixed length control field 00487nam a2200157Ia 4500
008 - FIXED-LENGTH DATA ELEMENTS--GENERAL INFORMATION
fixed length control field 190719s9999||||xx |||||||||||||| ||und||
020 ## - INTERNATIONAL STANDARD BOOK NUMBER
International Standard Book Number 9781906915322
Terms of availability £ 50.00
040 ## - CATALOGING SOURCE
Original cataloging agency IMU Kochi
082 04 - DEWEY DECIMAL CLASSIFICATION NUMBER
Classification number 623.8884
Item number N229
110 ## - MAIN ENTRY--CORPORATE NAME
Corporate name or jurisdiction name as entry element The Nautical Institute
245 #0 - TITLE STATEMENT
Title Navigation Accidents and their Causes /
Statement of responsibility, etc. The Nautical Institute
260 ## - PUBLICATION, DISTRIBUTION, ETC.
Place of publication, distribution, etc. London :
Name of publisher, distributor, etc. The Nautical Institute ,
Date of publication, distribution, etc. 2015
300 ## - PHYSICAL DESCRIPTION
Extent xiv, 128 p.
Other physical details : col. Ill.
Dimensions ; 25 cm.
650 ## - SUBJECT ADDED ENTRY--TOPICAL TERM
Topical term or geographic name entry element Marine accidents
942 ## - ADDED ENTRY ELEMENTS (KOHA)
Source of classification or shelving scheme
Koha item type Books
Holdings
Withdrawn status Lost status Damaged status Not for loan Collection code Permanent Location Current Location Shelving location Date acquired Source of acquisition Cost, normal purchase price Full call number Barcode Date last seen Price effective from Koha item type Public note Total Checkouts Total Renewals Date last checked out
        Nautical Science IMU Kochi Library IMU Kochi Library Reference 2017-04-29 Segment Book Distrubuters 4350.00 623.8884 N229 BK003077 2019-07-19 2019-07-19 Books Shelf-4, Row-3      
        Nautical Science IMU Kochi Library IMU Kochi Library Reference 2017-04-29 Segment Book Distrubuters 4350.00 623.8884 N229 BK003078 2025-05-28 2019-07-19 Books Shelf-4, Row-3 2 1 2025-05-06


Copyright © All Rights Reserved by Indian Maritime University, Kochi Campus.
For any Suggestions/Query Contact to library or Email: library.kochi@imu.ac.in Ph:(0484)-2989402
(Web OPAC Designed by Rudra Ranjan. Maintained by IMU Kochi Library)

Powered by Koha